000 00503nam a22001697a 4500
999 _c27420
_d27420
003 BDDh-ASL
005 20231015030751.0
008 211102n pk ||||| |||| 00| 0 u d
040 _aBDDh-ASL
_cBDDh-ASL
082 _a297.61
_bWAI
100 1 _94809
_aWaliullah, Shah
245 1 0 _aIzalatal Khafa, Vol.-1,2,3 : / آزالۃ الخفا
260 _aLahore :
_bHamidiya Steam Press ,
300 _a1482 p. :
_c22 cm.
650 0 _94819
_aCaliphate
_xIslam
_xKhilafat
_xHistory
942 _2ddc
_cBK